[Event "LSS RE-2008-0-00015"]
[Site "LSS email"]
[Date "2008.12.22"]
[Round "?"]
[White "Dumus, Omer"]
[Black "Clark, Mark J"]
[Result "0-1"]
[WhiteElo "1200"]
[BlackElo "1308"]
[PlyCount "64"]
[EventDate "2008.12.05"]
[EventType "tourn (corr)"]
[EventRounds "6"]
[EventCountry "GER"]
[SourceTitle "Corr 2011"]
[Source "ChessBase"]
[SourceDate "2010.08.31"]
[SourceVersion "1"]
[SourceVersionDate "2010.08.31"]
[SourceQuality "1"]

1. e4 c6 2. d4 d5 3. e5 Bf5 4. Bd3 Qc8 5. Nc3 b5 6. Nf3 h6 7. 0-0 Bxd3 8. Qxd3 e6 9. a4 b4 10. Ne2 Ne7 11. a5 Ng6 12. g3 Qa6 13. h4 Be7 14. h5 Nf8 15. Be3 Nfd7 16. Nc1 c5 17. dxc5 Nxc5 18. Bxc5 Bxc5 19. Nb3 Be7 20. Rfc1 0-0 21. Nfd4 Rc8 22. f4 Qc4 23. Kg2 Nc6 24. Nf3 Rab8 25. Re1 Bd8 26. Re2 Rb5 27. Qd1 Nxa5 28. Nfd4 Nxb3 29. cxb3 Qc5 30. Rc2 Bb6 31. Qd3 Qxc2+ 32. Nxc2 Rbc5 0-1